Elementos de geometría euclidiana

Guardat en:
Dades bibliogràfiques
Autor principal: Luque Luna, Alberto (autor)
Format: Llibre
Idioma:espanyol
Publicat: Ciudad de México Limusa 1999
Matèries:
Etiquetes: Afegir etiqueta
Sense etiquetes, Sigues el primer a etiquetar aquest registre!

MARC

LEADER 00000nam a2200000 a 4500
001 UCO7726
003 CL-VaPUC
008 001117e19990000MX |||||||||||||||||spa|d
082 0 4 |a 516.2  |b LUQ  |2 21 
100 |a Luque Luna, Alberto  |e autor  |9 452418 
245 1 0 |a Elementos de geometría euclidiana 
300 |a 106 p 
942 |c BK 
945 |d 20001117 00:00:00  |a vberengu 
260 |a Ciudad de México  |b Limusa  |c 1999 
650 7 |a CIRCULOS  |2 CL-VaPUC  |9 360019 
650 7 |a CIRCUNFERENCIA  |2 CL-VaPUC  |9 380049 
650 0 |a Geometría plana  |9 265855 
650 7 |a TRANSFORMACIONES GEOMETRICAS  |2 CL-VaPUC  |9 424261 
650 7 |a POLIGONOS  |2 CL-VaPUC  |9 270337 
650 7 |a TRIANGULO  |2 CL-VaPUC  |9 380047 
583 |a last modification  |c 20180403 12:21:06  |k Rodrigo Vera 
999 |c 292607  |d 292605